000 00804nam a2200229Ii 4500
003 JO-AjNU
008 230605s9999||||xx |||||||||||||| ||und||
017 _a2018/10/5363
020 _a978-9957-286-859
040 _aJO-AjNU
_bara
_erda
_cJO-AjNU
041 _aara
050 1 4 _aBF724.J56 2019
100 3 _aالجنابي، صاحب عبد مرزوك,
_eauthor
_958886
245 0 0 _aالأزمة النفسية: تشخيصها وأساليب التعامل معها
250 _aالطبعة العربية
264 3 1 _aعمان: دار اليازوري للنشر والتوزيع، 2019
300 _a205ص
336 _atext
_btxt
_2rdacontent
337 _aunmediated
_bn
_2rdamedia
338 _avolume
_bnc
_2rdacarrier
650 4 _aالازمة النفسية-علم النفس
_958887
999 _aA26471
_c30039
_d30039